[Event "Luxembourg-ch"]
[Site "Luxembourg"]
[Date "1999.04.07"]
[Round "5"]
[White "Berck, Jean Michel"]
[Black "Maack, Arnold"]
[Result "0-1"]
[WhiteElo "1625"]
[BlackElo "1430"]
[PlyCount "72"]
[EventDate "1999.04.03"]
[EventType "swiss"]
[EventRounds "9"]
[EventCountry "LUX"]
[SourceTitle "EXT 2005"]
[Source "ChessBase"]
[SourceDate "2004.11.15"]
[SourceVersion "1"]
[SourceVersionDate "2004.11.15"]
[SourceQuality "1"]

1. e4 e5 2. Nf3 d6 3. d4 exd4 4. Nxd4 Nf6 5. Nc3 Bd7 6. Bc4 a6 7. 0-0 b5 8. Bd3 Be7 9. Re1 c5 10. e5 dxe5 11. Nf3 0-0 12. Ne4 Nxe4 13. Bxe4 Bc6 14. Bxc6 Nxc6 15. Be3 Qxd1 16. Raxd1 Rad8 17. Nd2 Rd7 18. Ne4 Rxd1 19. Rxd1 c4 20. h3 Nb4 21. Nc5 Nxc2 22. Nxa6 Nxe3 23. fxe3 Ra8 24. Nc7 Rxa2 25. Rd7 Bf8 26. Nxb5 Rxb2 27. Rd5 f6 28. Nc3 Rc2 29. Ne4 Rc1+ 30. Kf2 c3 31. Nxc3 Rxc3 32. Ke2 Bc5 33. Kd2 Bb4 34. Ke2 Kf7 35. Rd7+ Kg6 36. Rb7 Bc5 0-1

[Event "Luxembourg-ch"]
[Site "Luxembourg"]
[Date "1999.04.03"]
[Round "1"]
[White "Maack, Arnold"]
[Black "Jongsma, Kees"]
[Result "0-1"]
[WhiteElo "1430"]
[BlackElo "1819"]
[PlyCount "84"]
[EventDate "1999.04.03"]
[EventType "swiss"]
[EventRounds "9"]
[EventCountry "LUX"]
[SourceTitle "EXT 2005"]
[Source "ChessBase"]
[SourceDate "2004.11.15"]
[SourceVersion "1"]
[SourceVersionDate "2004.11.15"]
[SourceQuality "1"]

1. e4 c5 2. d3 Nc6 3. Nf3 g6 4. Bd2 Bg7 5. Bc3 Nf6 6. Qd2 d6 7. h3 0-0 8. Bxf6 Bxf6 9. Nc3 e6 10. a4 d5 11. exd5 exd5 12. Rb1 Re8+ 13. Be2 Nd4 14. 0-0 Nxe2+ 15. Nxe2 b6 16. b3 Bb7 17. d4 Ba6 18. Rfe1 Bxe2 19. Rxe2 Rxe2 20. Qxe2 cxd4 21. Qd3 Rc8 22. Rb2 Rc3 23. Qd1 Qc8 24. Nxd4 Qc5 25. Nb5 Rxh3 26. gxh3 Bxb2 27. Qe2 a5 28. c4 Bd4 29. Nxd4 Qxd4 30. cxd5 Qxd5 31. Qe3 Qe6 32. Qxe6 fxe6 33. f4 Kf7 34. Kf2 Kf6 35. Kf3 e5 36. Ke4 exf4 37. Kxf4 h6 38. h4 g5+ 39. hxg5+ hxg5+ 40. Kg4 Ke5 41. Kxg5 Kd4 42. Kf5 Kc3 0-1